000 00799cam a2200277 4500500
005 20260405001901.0
041 _afre
042 _adc
100 1 0 _aLacroix, Alexandre
_eauthor
245 0 0 _aRésonances / décembre 2014 - janvier 2015
260 _c2014.
500 _a100
690 _aAlaya Allani
690 _aDémocratie
690 _aFacebook
690 _aGoogle
690 _aIslam
690 _aLibéralisme
690 _aNassim Nicholas Taleb
690 _aPolitique
690 _aPrincipe de précaution
690 _aRéformisme
690 _aSaul Kripke
786 0 _nPhilosophie magazine | 85 | 12-1 | 2014-12-01 | p. 10-10 | 1951-1787
856 4 1 _uhttps://shs.cairn.info/magazine-philosophie-magazine-2014-12-1-page-10?lang=fr&redirect-ssocas=7080
999 _c2051997
_d2051997